| 000 | 00988nac a22003137a 4500 | ||
|---|---|---|---|
| 001 | BR0204115 | ||
| 003 | BR-BrBNA | ||
| 005 | 20240105122701.0 | ||
| 008 | 230509b bl.|||m| |||| 00| 0 por d | ||
| 040 |
_aBR-BrBNA _bpor _cBiblioteca Nacional de Agricultura |
||
| 041 | _a(Pt) | ||
| 072 | _aF30 | ||
| 090 | _a0180 BR0204115 | ||
| 100 | 1 | _aMoreira, J.C.S. | |
| 100 | 1 | _aSouza, C.N.A. de | |
| 110 | 1 |
_aEMBRAPA Trigo, Passo Fundo, RS (Brasil) _93754 |
|
| 245 | 1 | _aInformações sobre cultivares de trigo indicadas para plantio no Rio Grande do Sul em 2001 | |
| 260 | 3 |
_aPasso Fundo, RS (Brasil): _c2001. |
|
| 300 | _a66 p. | ||
| 490 |
_aCircular Técnica - EMBRAPA Trigo (Brazil) _vno. 9 _xISSN 1516-571X |
||
| 500 | _a19 tables; 17 ref. | ||
| 650 | _aTRIGO | ||
| 650 | _aVARIEDADE | ||
| 650 | _aCARACTERÍSTICAS AGRONÔMICAS | ||
| 650 | _aDOENÇA DE PLANTA | ||
| 650 | _aÉPOCA DE SEMEADURA | ||
| 909 |
_a202312 _bLúcia Elande _c55 _dLúcia Elande |
||
| 942 |
_2AGRIS _n0 _cMS |
||
| 999 |
_c292307 _d292307 |
||